La réponse commence par P - Statistiques

Statistiques générales
  • Ce quiz a été pris 1 134 fois
  • Le résultat moyen est 14 sur 20
Statistiques - réponses
Indices Réponses % Correct
Sa seule frontière est l'Espagne Portugal
96%
Dieu grec des mers et océans Poseidon
95%
Récipient destiné aux déchets Poubelle
95%
Sport se pratiquant sur la glace à l'aide de chaussures à lame Patinage
94%
Peintre considéré comme le fondateur du cubisme Pablo Picasso
92%
Le plus connu des Pokemon Pikachu
89%
Tubercule utilisé pour faire des frites Pomme de terre
88%
Oncle de Donald Picsou
84%
Figurine de bois que l'on fait bouger avec des fils Pantin
83%
Nom d'oiseau désignant quelqu'un qui s'est fait arnaquer Pigeon
82%
Les États-Unis sont entrés dans la Seconde Guerre Mondiale après l'attaque de cette base navale Pearl Harbor
78%
Identité secrète de Spider-Man Peter Parker
76%
Coutume du premier jour du quatrième mois de l'année Poisson d'avril
73%
Gentillé du Pérou Péruvien
62%
Fleur dont on mange les racines une fois que l'on est mort d'après une célèbre expression Pissenlit
60%
Récipient à usage domestique ou culinaire réalisés en terre cuite Poterie
49%
Élément chimique symbolisé par Pt Platine
35%
Étoile à cinq branches en occultisme Pentacle
26%
Le Naga Viper en est l'un des plus forts au monde Piment
26%
Tribu dont faisait partie Pocahontas Powhatan
7%
Aucun quiz correspondant
Distribution des résultats
% des personnes avec chaque résultat
Percentile par nombre de réponses
Votre historique - résultats
Vous n’avez pas pris ce quiz